Clases, Estado y Nación en el Perú / (Record no. 23638)

000 -CABECERA
fixed length control field 01037nam a22002417i 4500
003 - IDENTIFICADOR DEL NÚMERO DE CONTROL
control field AR-CdUCM
008 - DATOS DE LONGITUD FIJA--INFORMACIÓN GENERAL
fixed length control field 260424b20242024 pe||||| |||| 00| 0 spa d
020 ## - NÚMERO INTERNACIONAL ESTÁNDAR DEL LIBRO
ISBN 978-9972-51-124-0
040 ## - FUENTE DE LA CATALOGACIÓN
Agencia/entidad que catalogó originalmente la obra MUNICIPALIDAD PROVINCIAL DEL CUSCO
Entidad que transcribió la catalogación BIBLIOTECA MUNICIPAL DEL CUSCO
082 ## - NÚMERO DE LA CLASIFICACIÓN DECIMAL DEWEY
No. de la edición 3°ed. 9° reimpresión:
No. de Clasificación 301.115
Notacion interna C85
100 ## - ENTRADA PRINCIPAL--NOMBRE DE PERSONA
Nombre Personal Cotler, Julio
245 ## - MENCIÓN DE TÍTULO
Título Clases, Estado y Nación en el Perú /
260 ## - PUBLICACIÓN, DISTRIBUCIÓN, ETC.
Lugar de publicación, distribución, etc. Lima-Perú:
Nombre de la editorial, distribuidor, etc. IEP Instituto de Estudios Peruanos/Julio Cotler
Fecha de publicación, distribución, etc. 2024
300 ## - DESCRIPCIÓN FÍSICA
Nº de Páginas Extensión 359 páginas. :
Dimensiones 23x16 cm.
500 ## - NOTA GENERAL
Bibliografía Páginas: 341-359
505 ## - NOTA DE CONTENIDO CON FORMATO
Nota de contenido formateada La herencia Colonial -- Desintegración política -- La formación capitalista dependiente -- Legui. consolidación de la dominación imperialista -- La crisis de 1930 y el desarrollo orgánico de la lucha de clases -- Crisis de la dominación oligárquica
650 ## - PUNTO DE ACCESO ADICIONAL DE MATERIA--TÉRMINO DE MATERIA
Descriptor Herencia colonial
9 (RLIN) 52700
650 ## - PUNTO DE ACCESO ADICIONAL DE MATERIA--TÉRMINO DE MATERIA
Descriptor Lucha de clases
9 (RLIN) 52701
650 ## - PUNTO DE ACCESO ADICIONAL DE MATERIA--TÉRMINO DE MATERIA
Descriptor Penetración imperialista
9 (RLIN) 52702
942 ## - ELEMENTOS DE PUNTO DE ACCESO ADICIONAL (KOHA)
Fuente de clasificación
Tipo de item Libros-BMC
945 ## - PROCESAMIENTO DE INFORMACIÓN LOCAL (OCLC)
Catalogador pbjr
AAAA-MM-DD - Fecha de ingreso o modificacion 24-04-2026
Holdings
Estado de retiro (separado) Fuente de clasificación o esquema de estanterías Estado dañado Ubicación Sala donde se ubica Nombre de la colección Fecha de adquisición o compra Fuente de adquisición Costo, precio normal en soles Signatura topográfica Código de Barras Última vez visto (Koha) Tipo de ítem (Koha)
No     Sala Humanidades Sala Humanidades Book Cart 2026-04-24 Donación 30.00 301.115 / C85 SH0000017115 2026-04-24 Libros-BMC

Powered by Koha